Paroles - La thune - Angèle - Statistiques

Statistiques générales
  • Ce quiz a été pris 147 fois
  • Le résultat moyen est 217 sur 258
Statistiques - réponses
Réponse % Correct
la
100%
le
100%
thune
100%
Et
99%
et
99%
il
98%
les
98%
ça
97%
Tout
97%
tout
97%
monde
96%
veut
96%
à
95%
À
95%
seul
95%
seulement
95%
fait
94%
de
93%
ces
92%
temps
91%
bouger
90%
Bouger
90%
quoi
90%
ton
90%
Tu
90%
tu
90%
bon ?
89%
c'est
89%
du
89%
fame
89%
pour
89%
bander
88%
gens
88%
T'es
88%
t'es
88%
leur
86%
Mais
86%
sur
86%
tous
86%
écran
85%
puis
85%
Si
85%
si
85%
au
84%
Au
84%
d'un
84%
des
83%
obligé
83%
sert
83%
tellement
83%
derrière
82%
insta
82%
je
82%
Je
82%
même
82%
pas
82%
Photo
82%
verre
82%
cul
81%
penser
81%
vont
81%
moi
80%
Moi
80%
penses
80%
que
80%
avec
79%
Avec
79%
c'que
79%
fond
77%
laisses
77%
indifférents
76%
montrer
76%
sans
73%
fais
71%
Sinon
71%
argent
70%
on
69%
sentiments
69%
va
68%
j'avoue
67%
J'avoue
67%
partie
67%
ils
66%
pourquoi
66%
quand
66%
sais
66%
m'en
64%
comme
62%
parler
62%
vais
62%
dont
60%
Loin
60%
loin
60%
m'aiment
60%
gens-là
59%
superficiel
59%
très
58%
bien
57%
jamais
57%
marcher
56%
j'aime
55%
jouer
54%
54%
j'oublie
53%
Naïve
53%
regards
53%
danger
51%
michtos
48%
Rassurée
45%
game
42%
m'éloigner
37%
Peut-être
34%
devrais
33%
armés
15%
Aucun quiz correspondant
Distribution des résultats
% des personnes avec chaque résultat
Percentile par nombre de réponses
Votre historique - résultats
Vous n’avez pas pris ce quiz